[Event "Dulles Cherry Blossom op 10th"]
[Site "Dulles"]
[Date "2023.05.29"]
[Round "9"]
[White "Williams, Justus D"]
[Black "Samuelson, Andrew"]
[Result "1-0"]
[WhiteElo "2396"]
[BlackElo "2019"]
[PlyCount "73"]
[EventDate "2023.05.24"]
[EventType "swiss"]
[EventRounds "9"]
[EventCountry "USA"]
[SourceTitle "CBM 214 Extra"]
[Source "ChessBase"]
[SourceDate "2023.07.31"]
[SourceVersion "1"]
[SourceVersionDate "2023.07.31"]
[SourceQuality "1"]

1. Nf3 c5 2. c4 Nf6 3. Nc3 g6 4. e4 d6 5. d4 Bg7 6. Be2 0-0 7. dxc5 dxc5 8. Qxd8 Rxd8 9. Be3 Na6 10. a3 h6 11. h3 b6 12. e5 Nd7 13. e6 fxe6 14. Bd3 Bb7 15. Bxg6 Nf8 16. Bc2 Nc7 17. Bf4 Ne8 18. 0-0 Nd6 19. Bd3 Nf5 20. Rad1 Nd4 21. Ne5 Nd7 22. Ng6 Kf7 23. Rfe1 Rg8 24. h4 h5 25. Bg3 Bf6 26. Nf4 e5 27. Nxh5 Bxh4 28. Bxh4 Nf3+ 29. Kf1 Nxh4 30. Be4 Bxe4 31. Rxe4 Nxg2 32. Rxd7 Ke6 33. Rd5 Rg5 34. Ng3 Nf4 35. Rxf4 exf4 36. Rxg5 fxg3 37. Rxg3 1-0

[Event "Dulles Cherry Blossom op 10th"]
[Site "Dulles"]
[Date "2023.05.28"]
[Round "6"]
[White "Matviishen, Viktor"]
[Black "Williams, Justus D"]
[Result "1-0"]
[WhiteElo "2538"]
[BlackElo "2396"]
[PlyCount "77"]
[EventDate "2023.05.24"]
[EventType "swiss"]
[EventRounds "9"]
[EventCountry "USA"]
[SourceTitle "CBM 214 Extra"]
[Source "ChessBase"]
[SourceDate "2023.07.31"]
[SourceVersion "1"]
[SourceVersionDate "2023.07.31"]
[SourceQuality "1"]

1. d4 Nf6 2. c4 g6 3. Nc3 Bg7 4. e4 d6 5. Be2 Nbd7 6. Be3 e5 7. Nf3 0-0 8. 0-0 Qe7 9. Qc2 h6 10. d5 Nh7 11. Nd2 f5 12. f3 Ndf6 13. c5 dxc5 14. b4 cxb4 15. Nb5 Ne8 16. Bc5 Qd8 17. Bxf8 Bxf8 18. Rac1 b6 19. Qc6 Bd7 20. Qxg6+ Kh8 21. f4 a6 22. Nxc7 Nxc7 23. fxe5 Bc5+ 24. Rxc5 bxc5 25. d6 Ne6 26. exf5 Nd4 27. Bc4 Qh4 28. f6 Qg5 29. Qg7+ Qxg7 30. fxg7+ Kxg7 31. Rf7+ Kg6 32. Rxd7 Nf8 33. Bd3+ Kg5 34. Rf7 Nfe6 35. Nf3+ Nxf3+ 36. gxf3 Kh4 37. Bc4 Ng5 38. Rf4+ Kh5 39. Kg2 1-0

[Event "Dulles Cherry Blossom op 10th"]
[Site "Dulles"]
[Date "2023.05.25"]
[Round "2"]
[White "Martin, Sam B"]
[Black "Williams, Justus D"]
[Result "0-1"]
[WhiteElo "2067"]
[BlackElo "2396"]
[PlyCount "94"]
[EventDate "2023.05.24"]
[EventType "swiss"]
[EventRounds "9"]
[EventCountry "USA"]
[SourceTitle "CBM 214 Extra"]
[Source "ChessBase"]
[SourceDate "2023.07.31"]
[SourceVersion "1"]
[SourceVersionDate "2023.07.31"]
[SourceQuality "1"]

1. d4 Nf6 2. c4 d6 3. Nc3 e5 4. Nf3 e4 5. Ng5 Qe7 6. Qc2 Bf5 7. h4 h6 8. Nh3 Nc6 9. e3 g5 10. Nd5 Qd8 11. f3 Bg6 12. fxe4 Nxe4 13. Bd3 f5 14. g4 Ng3 15. gxf5 Bf7 16. Rg1 gxh4 17. Nhf4 Bg7 18. Ne6 Bxe6 19. fxe6 0-0 20. Qg2 Qg5 21. Bd2 Rae8 22. e7 Rf7 23. Qh3 Nxe7 24. Nxc7 Rc8 25. Nd5 Rcf8 26. Nf4 Bxd4 27. 0-0-0 Rxf4 28. exf4 Qf6 29. Rge1 Bxb2+ 30. Kc2 Nc6 31. Qd7 Qg7 32. Qh3 Bf6 33. Rg1 Nd4+ 34. Kb1 Qc7 35. Rde1 Kh8 36. Rxg3 hxg3 37. Qxh6+ Kg8 38. Be4 Ne6 39. Bd5 Qb6+ 40. Kc1 Qb2+ 41. Kd1 Qb1+ 42. Ke2 Qf5 43. Kf3 Re8 44. Kxg3 Kf7 45. Be4 Rg8+ 46. Kf2 Bd4+ 47. Kf3 Qg4# 0-1

[Event "New York Winter GM-A"]
[Site "New York"]
[Date "2023.01.16"]
[Round "9"]
[White "Kantor, Gergely"]
[Black "Williams, Justus D"]
[Result "1-0"]
[WhiteElo "2544"]
[BlackElo "2423"]
[PlyCount "31"]
[EventDate "2023.01.12"]
[EventType "tourn"]
[EventRounds "9"]
[EventCountry "USA"]
[EventCategory "8"]
[SourceTitle "CBM 212 Extra"]
[Source "ChessBase"]
[SourceDate "2023.03.31"]
[SourceVersion "1"]
[SourceVersionDate "2023.03.31"]
[SourceQuality "1"]

1. d4 Nf6 2. c4 e6 3. Nc3 Bb4 4. Qc2 d5 5. a3 Bxc3+ 6. Qxc3 c5 7. dxc5 d4 8. Qg3 Nc6 9. Nf3 e5 10. b4 e4 11. Nd2 0-0 12. Bb2 Qe7 13. Qb3 Rd8 14. e3 Ng4 15. Be2 Nxf2 16. Kxf2 1-0

[Event "New York Winter GM-A"]
[Site "New York"]
[Date "2023.01.15"]
[Round "7"]
[White "Levine, Joseph1111"]
[Black "Williams, Justus D"]
[Result "1/2-1/2"]
[WhiteElo "2451"]
[BlackElo "2423"]
[PlyCount "87"]
[EventDate "2023.01.12"]
[EventType "tourn"]
[EventRounds "9"]
[EventCountry "USA"]
[EventCategory "8"]
[SourceTitle "CBM 212 Extra"]
[Source "ChessBase"]
[SourceDate "2023.03.31"]
[SourceVersion "1"]
[SourceVersionDate "2023.03.31"]
[SourceQuality "1"]

1. e4 c5 2. Nf3 d6 3. d4 cxd4 4. Nxd4 Nf6 5. Nc3 a6 6. Bd3 g6 7. 0-0 Bg7 8. Kh1 Nc6 9. Nb3 d5 10. Bg5 dxe4 11. Nxe4 Nxe4 12. Bxe4 Qxd1 13. Rfxd1 Bxb2 14. Rab1 Ba3 15. Rd3 Bd6 16. Bf6 0-0 17. Bc3 Be6 18. g3 Rfc8 19. a4 Rab8 20. f4 Nd8 21. Nd4 Bd7 22. a5 Rc7 23. Bb4 Bxb4 24. Rxb4 Rbc8 25. Kg1 Bh3 26. Rdb3 Rc5 27. Bxb7 Nxb7 28. Rxb7 e5 29. fxe5 Rxe5 30. Kf2 Rc4 31. R3b4 Rcc5 32. Ra7 Rxa5 33. Rb8+ Kg7 34. Rbb7 Ra1 35. Rxf7+ Kg8 36. Rg7+ Kf8 37. g4 Rf1+ 38. Kg3 Re3+ 39. Kh4 Rf4 40. Ne6+ Rxe6 41. Rxh7 g5+ 42. Kxh3 Re3+ 43. Kg2 Re2+ 44. Kg1 1/2-1/2

[Event "New York Winter GM-A"]
[Site "New York"]
[Date "2023.01.12"]
[Round "1"]
[White "Williams, Justus D"]
[Black "Schitco, Ivan"]
[Result "1/2-1/2"]
[WhiteElo "2423"]
[BlackElo "2515"]
[PlyCount "66"]
[EventDate "2023.01.12"]
[EventType "tourn"]
[EventRounds "9"]
[EventCountry "USA"]
[EventCategory "8"]
[SourceTitle "CBM 212 Extra"]
[Source "ChessBase"]
[SourceDate "2023.03.31"]
[SourceVersion "1"]
[SourceVersionDate "2023.03.31"]
[SourceQuality "1"]

1. e4 e5 2. Nf3 Nc6 3. Bb5 Nf6 4. d3 d6 5. Nc3 Bd7 6. a3 g6 7. Be3 Bg7 8. h3 a6 9. Bc4 Qe7 10. Qd2 Be6 11. 0-0 0-0 12. Nd5 Qd7 13. Nxf6+ Bxf6 14. Bh6 Bg7 15. Bxg7 Kxg7 16. Qc3 Bxc4 17. dxc4 f5 18. Rfe1 fxe4 19. Rxe4 Rf6 20. Rd1 Qe7 21. c5 Raf8 22. cxd6 cxd6 23. Qe3 Nd8 24. Red4 Nc6 25. Rd5 Qc7 26. Ng5 Nd4 27. Ne4 Qxc2 28. R1xd4 exd4 29. Qxd4 Qc1+ 30. Kh2 Qf4+ 31. Kg1 Qc1+ 32. Kh2 Qf4+ 33. Kg1 Qc1+ 1/2-1/2

[Event "Chesterfield SPICE Cup op"]
[Site "Chesterfield"]
[Date "2022.12.18"]
[Round "1"]
[White "Kaufman, Raymond"]
[Black "Williams, Justus D"]
[Result "0-1"]
[WhiteElo "2174"]
[BlackElo "2425"]
[PlyCount "68"]
[EventDate "2022.12.18"]
[EventType "swiss"]
[EventRounds "9"]
[EventCountry "USA"]
[SourceTitle "CBM 212 Extra"]
[Source "ChessBase"]
[SourceDate "2023.03.31"]
[SourceVersion "1"]
[SourceVersionDate "2023.03.31"]
[SourceQuality "1"]

1. e4 c5 2. c3 Nf6 3. e5 Nd5 4. Nf3 e6 5. d4 cxd4 6. cxd4 d6 7. Bc4 Nb6 8. Bd3 N8d7 9. Bg5 Be7 10. Bxe7 Qxe7 11. Nc3 dxe5 12. dxe5 Nc5 13. Bc2 Bd7 14. 0-0 Rd8 15. Qe2 Bc6 16. Rad1 0-0 17. Nd4 Bd5 18. Qh5 g6 19. Qh6 Nc4 20. Nxd5 exd5 21. f4 f5 22. exf6 Rxf6 23. Rde1 Ne4 24. Nf3 Rdf8 25. Bxe4 dxe4 26. Ng5 e3 27. Rf3 Nd2 28. Rfxe3 Rxf4 29. g3 Rf1+ 30. Kg2 R8f2+ 31. Kh3 Qd7+ 32. Ne6 Rxe1 33. Rxe1 Rf6 34. Qe3 Nf3 0-1

[Event "US Masters op"]
[Site "Charlotte"]
[Date "2022.11.25"]
[Round "4"]
[White "Williams, Justus D"]
[Black "Druska, Juraj"]
[Result "0-1"]
[WhiteElo "2395"]
[BlackElo "2511"]
[PlyCount "112"]
[EventDate "2022.11.23"]
[EventType "swiss"]
[EventRounds "9"]
[EventCountry "USA"]
[SourceTitle "CBM 211 Extra"]
[Source "ChessBase"]
[SourceDate "2023.01.31"]
[SourceVersion "1"]
[SourceVersionDate "2023.01.31"]
[SourceQuality "1"]

1. Nf3 d5 2. g3 c6 3. Bg2 Bg4 4. h3 Bh5 5. 0-0 Nd7 6. d3 Ngf6 7. Nbd2 e5 8. c4 Be7 9. Nh4 0-0 10. Nf5 Re8 11. cxd5 Nxd5 12. Nc4 Qc7 13. Nxe7+ Rxe7 14. Bd2 N7f6 15. Qc2 e4 16. dxe4 Bg6 17. f3 Qxg3 18. Qc1 Nb6 19. Bf4 Qh4 20. Nxb6 axb6 21. e5 Nh5 22. Bg5 Qg3 23. Rf2 Rxe5 24. f4 Rc5 25. Qd2 Be4 26. Qd4 Rxg5 27. Qxe4 Rga5 28. b4 Ra3 29. Rd1 Rxa2 30. Qe5 g6 31. b5 R2a3 32. Rdf1 Ng7 33. Rf3 Rxf3 34. Rxf3 Qe1+ 35. Rf1 Qa5 36. bxc6 Qxe5 37. fxe5 bxc6 38. Bxc6 Ra5 39. e4 Rxe5 40. Bd5 Ne6 41. Kg2 g5 42. Kg3 Nf4 43. Rd1 Nxd5 44. exd5 Kf8 45. d6 Ke8 46. d7+ Kd8 47. Kg4 h6 48. Rd6 Re6 49. Rd5 Re4+ 50. Kf5 Re6 51. Kg4 Rf6 52. Kh5 Rc6 53. Kg4 f5+ 54. Kxf5 Rc5 55. Rxc5 bxc5 56. Ke5 h5 0-1

[Event "Charlotte CCCSA Fall GM-B"]
[Site "Charlotte"]
[Date "2022.11.21"]
[Round "8"]
[White "Woodward, Andy"]
[Black "Williams, Justus D"]
[Result "1/2-1/2"]
[WhiteElo "2447"]
[BlackElo "2395"]
[PlyCount "109"]
[EventDate "2022.11.18"]
[EventType "tourn"]
[EventRounds "9"]
[EventCountry "USA"]
[EventCategory "8"]
[SourceTitle "CBM 211 Extra"]
[Source "ChessBase"]
[SourceDate "2023.01.31"]
[SourceVersion "1"]
[SourceVersionDate "2023.01.31"]
[SourceQuality "1"]

1. d4 Nf6 2. c4 d6 3. Nc3 e5 4. Nf3 e4 5. Ng5 Qe7 6. e3 h6 7. Nh3 g5 8. f3 exf3 9. gxf3 c5 10. Bg2 Nc6 11. 0-0 Bg7 12. Nf2 0-0 13. Nd5 Qd8 14. f4 Na5 15. fxg5 hxg5 16. Nxf6+ Qxf6 17. Qh5 Qg6 18. Qxg6 fxg6 19. Bd2 Nc6 20. Ne4 cxd4 21. Rxf8+ Kxf8 22. exd4 Bxd4+ 23. Kh1 Be5 24. Bxg5 Kg7 25. c5 d5 26. Nd6 Be6 27. Re1 Rh8 28. h4 Bf6 29. Rxe6 Bxg5 30. Bxd5 Rxh4+ 31. Kg2 Nd8 32. Re2 Bf4 33. Nxb7 Rh2+ 34. Kf3 Rxe2 35. Kxe2 Nxb7 36. Bxb7 Kf6 37. Kd3 Ke6 38. Kc4 Kd7 39. Kb5 Kc7 40. Be4 Be5 41. b4 g5 42. Bf3 Bc3 43. a4 Be1 44. a5 Bd2 45. Ka4 Be3 46. Kb5 Bd2 47. a6 Be1 48. Kc4 Bd2 49. b5 Be3 50. Kd5 Bf2 51. b6+ Kb8 52. Kc6 Be3 53. Be2 Bf2 54. Kb5 Be3 55. bxa7+ 1/2-1/2

[Event "Charlotte CCCSA Fall GM-B"]
[Site "Charlotte"]
[Date "2022.11.20"]
[Round "6"]
[White "Ozenir, Ekin Baris"]
[Black "Williams, Justus D"]
[Result "1-0"]
[WhiteElo "2352"]
[BlackElo "2395"]
[PlyCount "59"]
[EventDate "2022.11.18"]
[EventType "tourn"]
[EventRounds "9"]
[EventCountry "USA"]
[EventCategory "8"]
[SourceTitle "CBM 211 Extra"]
[Source "ChessBase"]
[SourceDate "2023.01.31"]
[SourceVersion "1"]
[SourceVersionDate "2023.01.31"]
[SourceQuality "1"]

1. Nf3 d6 2. d4 Nf6 3. c4 g6 4. Nc3 Bg7 5. e4 0-0 6. Be2 Na6 7. Be3 c6 8. a3 e5 9. d5 c5 10. Nd2 h5 11. h3 Nh7 12. g4 hxg4 13. hxg4 Bf6 14. Qc1 Bd7 15. Rg1 Ng5 16. Nf3 Nh3 17. Rg3 Nf4 18. Bxf4 exf4 19. Qxf4 Re8 20. Kf1 Qe7 21. Bd3 Rab8 22. Kg2 b5 23. Rh1 bxc4 24. Rgh3 Rxb2 25. Qh2 Rxf2+ 26. Kxf2 Bd4+ 27. Kg2 Qf6 28. e5 Bxe5 29. Ne4 Qxf3+ 30. Kxf3 1-0

[Event "Charlotte CCCSA Fall GM-B"]
[Site "Charlotte"]
[Date "2022.11.20"]
[Round "5"]
[White "Williams, Justus D"]
[Black "Paragua, Mark"]
[Result "1-0"]
[WhiteElo "2395"]
[BlackElo "2466"]
[PlyCount "80"]
[EventDate "2022.11.18"]
[EventType "tourn"]
[EventRounds "9"]
[EventCountry "USA"]
[EventCategory "8"]
[SourceTitle "CBM 211 Extra"]
[Source "ChessBase"]
[SourceDate "2023.01.31"]
[SourceVersion "1"]
[SourceVersionDate "2023.01.31"]
[SourceQuality "1"]

1. Nf3 d5 2. g3 g6 3. Bg2 Bg7 4. 0-0 e5 5. d3 Ne7 6. c4 0-0 7. cxd5 Nxd5 8. Nc3 Ne7 9. Rb1 a5 10. a3 h6 11. b4 axb4 12. axb4 Be6 13. Bb2 Nbc6 14. b5 Nd4 15. Nd2 Qd7 16. Nc4 Bh3 17. Bxh3 Qxh3 18. e3 Ne6 19. Ba3 Rfe8 20. b6 c6 21. Ne4 Nd5 22. Bb2 Rad8 23. Nxe5 f5 24. Nd2 f4 25. Ndc4 Ng5 26. Kh1 fxg3 27. fxg3 Bxe5 28. Bxe5 Nxe3 29. Nxe3 Rxe5 30. Ng4 Re6 31. Rb4 h5 32. Nh6+ Kg7 33. Rh4 Qxf1+ 34. Qxf1 Kxh6 35. Qc1 Rxd3 36. Rf4 Rde3 37. Rf1 Kg7 38. Qa1+ Kh7 39. h4 Nf3 40. Qa8 Nd4 1-0

[Event "New York Fall GM-A"]
[Site "Long Island City"]
[Date "2022.11.13"]
[Round "9"]
[White "Kevlishvili, Robby"]
[Black "Williams, Justus D"]
[Result "1/2-1/2"]
[WhiteElo "2536"]
[BlackElo "2395"]
[PlyCount "92"]
[EventDate "2022.11.09"]
[EventType "tourn"]
[EventRounds "9"]
[EventCountry "USA"]
[SourceTitle "CBM 211 Extra"]
[Source "ChessBase"]
[SourceDate "2023.01.31"]
[SourceVersion "1"]
[SourceVersionDate "2023.01.31"]
[SourceQuality "1"]

1. e4 c5 2. Nf3 Nc6 3. d4 cxd4 4. Nxd4 e6 5. Nc3 Qc7 6. Be3 a6 7. Nxc6 bxc6 8. Qf3 Nf6 9. Qg3 Qxg3 10. hxg3 Bb4 11. Bd2 d5 12. Bd3 h6 13. f3 Nd7 14. 0-0-0 Nc5 15. g4 0-0 16. Be2 d4 17. Nb1 Bxd2+ 18. Nxd2 e5 19. Nc4 f6 20. c3 dxc3 21. b4 Na4 22. Kc2 Rb8 23. Kb3 c2 24. Rc1 Nc5+ 25. Ka3 Ne6 26. Na5 Nd4 27. Bc4+ Kh7 28. Nb3 Rd8 29. Nxd4 Rxd4 30. Rxc2 Bd7 31. Rcc1 a5 32. bxa5 Ra8 33. Rhd1 c5 34. a6 Bc8 35. Rxd4 cxd4 36. Kb4 Bxa6 37. Bxa6 Rxa6 38. a4 Rb6+ 39. Ka3 Rd6 40. a5 d3 41. Kb4 d2 42. Rd1 Rd4+ 43. Kb5 Rd3 44. a6 Rb3+ 45. Kc6 Rc3+ 46. Kb5 Rb3+ 1/2-1/2

[Event "New York Fall GM-A"]
[Site "Long Island City"]
[Date "2022.11.10"]
[Round "3"]
[White "Williams, Justus D"]
[Black "Chasin, Nico Werner"]
[Result "1/2-1/2"]
[WhiteElo "2395"]
[BlackElo "2429"]
[PlyCount "106"]
[EventDate "2022.11.09"]
[EventType "tourn"]
[EventRounds "9"]
[EventCountry "USA"]
[SourceTitle "CBM 211 Extra"]
[Source "ChessBase"]
[SourceDate "2023.01.31"]
[SourceVersion "1"]
[SourceVersionDate "2023.01.31"]
[SourceQuality "1"]

1. e4 c5 2. Nf3 e6 3. d4 cxd4 4. Nxd4 Nc6 5. Nc3 Qc7 6. f4 a6 7. Nxc6 Qxc6 8. Bd3 b5 9. Qe2 Bb7 10. Bd2 Bc5 11. 0-0-0 Ne7 12. a3 0-0 13. Rhf1 b4 14. axb4 Bxb4 15. g4 a5 16. Rf3 a4 17. Bb5 Qc5 18. Be3 Qc8 19. Na2 a3 20. Nxb4 Bxe4 21. Rff1 a2 22. Kd2 Qb7 23. c3 Nd5 24. Bc5 Bb1 25. Rxb1 axb1N+ 26. Rxb1 Nxf4 27. Qf1 Rfe8 28. Qxf4 Qxb5 29. Qd6 Rac8 30. Be3 Qb7 31. Rg1 Qe4 32. Qd3 Qb7 33. Qd6 Qe4 34. Nd3 Rb8 35. g5 Rb5 36. Bd4 e5 37. Re1 Qg2+ 38. Re2 Qxg5+ 39. Be3 Qg4 40. Rf2 f6 41. Nb4 h5 42. Qd3 Reb8 43. Qe2 Qe6 44. Qxh5 d5 45. Rg2 d4 46. Bh6 dxc3+ 47. bxc3 R8b7 48. Qg6 Rd7+ 49. Kc1 Qh3 50. Qe8+ Kh7 51. Qg6+ Kg8 52. Qe8+ Kh7 53. Qg6+ Kg8 1/2-1/2

[Event "New York Fall GM-A"]
[Site "Long Island City"]
[Date "2022.11.09"]
[Round "1"]
[White "Williams, Justus D"]
[Black "Kaliksteyn, Alexander"]
[Result "1/2-1/2"]
[WhiteElo "2395"]
[BlackElo "2389"]
[PlyCount "83"]
[EventDate "2022.11.09"]
[EventType "tourn"]
[EventRounds "9"]
[EventCountry "USA"]
[SourceTitle "CBM 211 Extra"]
[Source "ChessBase"]
[SourceDate "2023.01.31"]
[SourceVersion "1"]
[SourceVersionDate "2023.01.31"]
[SourceQuality "1"]

1. e4 c5 2. Nf3 d6 3. d4 cxd4 4. Nxd4 Nf6 5. Nc3 a6 6. Be3 Ng4 7. Bc1 Nf6 8. Be3 Ng4 9. Bg5 h6 10. Bh4 g5 11. Bg3 Bg7 12. Be2 h5 13. h4 gxh4 14. Bxh4 Nc6 15. Nb3 Be6 16. Qd2 Rc8 17. f3 Nge5 18. Nd5 b5 19. Bf2 Nc4 20. Bxc4 bxc4 21. Nd4 Ne5 22. Qg5 Bh6 23. Qg3 Bxd5 24. exd5 h4 25. Rxh4 Ng6 26. Re4 Qa5+ 27. Kf1 Qxd5 28. Qg4 Rc5 29. Ne2 Bg7 30. Bxc5 Qxc5 31. Ng3 Rh4 32. Rxe7+ Kxe7 33. Nf5+ Qxf5 34. Qxf5 Rh1+ 35. Kf2 Rxa1 36. Qe4+ Ne5 37. f4 Rxa2 38. fxe5 Bxe5 39. Qb7+ Kf6 40. c3 Ra5 41. Qf3+ Ke7 42. Qb7+ 1/2-1/2

[Event "Hollywood Masters op"]
[Site "Los Angeles"]
[Date "2022.10.26"]
[Round "2"]
[White "Williams, Justus D"]
[Black "Gazik, Viktor"]
[Result "1/2-1/2"]
[WhiteElo "2388"]
[BlackElo "2566"]
[PlyCount "53"]
[EventDate "2022.10.26"]
[EventType "swiss"]
[EventRounds "9"]
[EventCountry "USA"]
[SourceTitle "EXT 2024"]
[Source "ChessBase"]
[SourceDate "2023.10.10"]
[SourceVersion "1"]
[SourceVersionDate "2023.10.10"]
[SourceQuality "1"]

1. e4 c5 2. c3 d6 3. d4 Nd7 4. Nf3 e6 5. Bd3 Ngf6 6. 0-0 Be7 7. Qe2 Qc7 8. a3 a6 9. b4 b5 10. bxc5 dxc5 11. a4 c4 12. Bc2 Bb7 13. Ba3 Nb6 14. Bxe7 Qxe7 15. Na3 0-0 16. axb5 axb5 17. Nxb5 Bc6 18. Rab1 Ra2 19. d5 exd5 20. Nbd4 Qc5 21. Rxb6 Qxb6 22. exd5 Rxc2 23. Nxc2 Bxd5 24. Ne3 Qb3 25. Qd1 Bxf3 26. Qxf3 Qxc3 27. Qc6 1/2-1/2

[Event "Saint Louis 1000 GM 2nd"]
[Site "Saint Louis"]
[Date "2022.09.24"]
[Round "6"]
[White "Mardov, Dimitar"]
[Black "Williams, Justus D"]
[Result "1-0"]
[WhiteElo "2414"]
[BlackElo "2392"]
[PlyCount "79"]
[EventDate "2022.09.21"]
[EventType "tourn"]
[EventRounds "9"]
[EventCountry "USA"]
[EventCategory "6"]
[SourceTitle "CBM 210 Extra"]
[Source "ChessBase"]
[SourceDate "2022.11.30"]
[SourceVersion "1"]
[SourceVersionDate "2022.11.30"]
[SourceQuality "1"]

1. d4 Nf6 2. c4 g6 3. f3 Bg7 4. e4 d6 5. Nc3 a6 6. Be3 Nc6 7. Qd2 Bd7 8. Bd3 h5 9. Nge2 h4 10. h3 Nh5 11. d5 Ne5 12. f4 Nxd3+ 13. Qxd3 b5 14. Bd4 bxc4 15. Qxc4 e5 16. dxe6 Bxe6 17. Qd3 Bxd4 18. Qxd4 Qf6 19. Qe3 Rb8 20. b3 0-0 21. 0-0 Rfe8 22. Rad1 Bd7 23. Nd5 Qd8 24. f5 Re5 25. fxg6 fxg6 26. Nef4 Qg5 27. Qa7 Nxf4 28. Rxf4 Rc8 29. Qf2 Be6 30. Nf6+ Kg7 31. Rxh4 Rh8 32. Rxh8 Kxh8 33. h4 Qh6 34. Rf1 Rc5 35. Ne8 Bg8 36. Qf6+ Kh7 37. Qd8 Qe3+ 38. Kh1 Rc1 39. Nf6+ Kh6 40. Qf8# 1-0

[Event "Saint Louis 1000 GM 2nd"]
[Site "Saint Louis"]
[Date "2022.09.22"]
[Round "2"]
[White "Antipov, Mikhail Al"]
[Black "Williams, Justus D"]
[Result "1-0"]
[WhiteElo "2603"]
[BlackElo "2392"]
[PlyCount "79"]
[EventDate "2022.09.21"]
[EventType "tourn"]
[EventRounds "9"]
[EventCountry "USA"]
[EventCategory "6"]
[SourceTitle "CBM 210 Extra"]
[Source "ChessBase"]
[SourceDate "2022.11.30"]
[SourceVersion "1"]
[SourceVersionDate "2022.11.30"]
[SourceQuality "1"]

1. e4 e5 2. Nf3 Nc6 3. Bb5 a6 4. Ba4 Nf6 5. 0-0 Be7 6. Re1 b5 7. Bb3 d6 8. c3 h6 9. d4 Bg4 10. h3 Bxf3 11. Qxf3 exd4 12. Qg3 Kf8 13. Nd2 Qd7 14. f4 Re8 15. e5 dxe5 16. fxe5 Bc5 17. Nf3 dxc3+ 18. Kh2 Nh5 19. Qh4 Qf5 20. bxc3 g6 21. Nd4 Qd7 22. Nxc6 Qxc6 23. g4 Nf6 24. Bxh6+ Kg8 25. Qxf6 Qxf6 26. exf6 Rxe1 27. Rxe1 Rxh6 28. Re8+ Bf8 29. Re7 g5 30. Bxf7+ Kh8 31. Re6 Rh7 32. Be8 Rh6 33. Kg2 Bd6 34. Bh5 Kg8 35. Kf3 Rh8 36. Ke4 Kh7 37. Kf5 b4 38. cxb4 Rb8 39. a4 Rxb4 40. Re8 1-0

[Event "Saint Louis 1000 IM 1st"]
[Site "Saint Louis"]
[Date "2022.07.22"]
[Round "7"]
[White "Williams, Justus D"]
[Black "Cervantes Landeiro, Thalia"]
[Result "1/2-1/2"]
[WhiteElo "2390"]
[BlackElo "2234"]
[PlyCount "79"]
[EventDate "2022.07.19"]
[EventType "tourn"]
[EventRounds "9"]
[EventCountry "USA"]
[EventCategory "3"]
[SourceTitle "CBM 209 Extra"]
[Source "ChessBase"]
[SourceDate "2022.09.30"]
[SourceVersion "1"]
[SourceVersionDate "2022.09.30"]
[SourceQuality "1"]

1. e4 e5 2. Nf3 Nc6 3. Bb5 a6 4. Ba4 Nf6 5. Qe2 b5 6. Bb3 Be7 7. a4 b4 8. d4 d5 9. exd5 Nxd4 10. Nxd4 exd4 11. Qc4 0-0 12. Qxd4 Be6 13. 0-0 Bxd5 14. Nd2 Re8 15. Nc4 Ne4 16. Na5 Bxb3 17. Qxd8 Raxd8 18. Nxb3 Bf6 19. Rb1 c5 20. Be3 c4 21. Na5 c3 22. bxc3 Nxc3 23. Rb3 Rc8 24. Nb7 Be7 25. Ra1 f5 26. Kf1 Rc7 27. Na5 Bd6 28. Bd2 Ne4 29. Bxb4 Bxb4 30. Rxb4 Rxc2 31. f3 Nd2+ 32. Kg1 Re2 33. Rb8+ Kf7 34. Rb7+ Kf6 35. Rb6+ Kg5 36. Rb7 Nxf3+ 37. gxf3 Rg2+ 38. Kf1 Rgf2+ 39. Kg1 Kh4 40. Rb6 1/2-1/2

[Event "Saint Louis 1000 IM 1st"]
[Site "Saint Louis"]
[Date "2022.07.19"]
[Round "2"]
[White "Kozelov, Roman"]
[Black "Williams, Justus D"]
[Result "0-1"]
[WhiteElo "2104"]
[BlackElo "2390"]
[PlyCount "104"]
[EventDate "2022.07.19"]
[EventType "tourn"]
[EventRounds "9"]
[EventCountry "USA"]
[EventCategory "3"]
[SourceTitle "CBM 209 Extra"]
[Source "ChessBase"]
[SourceDate "2022.09.30"]
[SourceVersion "1"]
[SourceVersionDate "2022.09.30"]
[SourceQuality "1"]

1. e4 c5 2. Nf3 e6 3. g3 Nc6 4. Bg2 Nf6 5. Nc3 d5 6. exd5 Nxd5 7. 0-0 Nc7 8. Re1 Be7 9. b3 0-0 10. Bb2 f6 11. Ba3 e5 12. Ne4 f5 13. Nxe5 fxe4 14. Nxc6 bxc6 15. Bxe4 Nd5 16. c4 Nf6 17. Bxc6 Bg4 18. Qc2 Rc8 19. Bg2 Qd7 20. d4 Qxd4 21. h3 Bh5 22. g4 Bg6 23. Qe2 Rfe8 24. Bb2 Qd8 25. Rad1 Qa5 26. Qe6+ Bf7 27. Qf5 Qxa2 28. Rxe7 Qxb2 29. Rxf7 Kxf7 30. g5 Kg8 31. gxf6 Qxf6 32. Qxf6 gxf6 33. Rd7 Re1+ 34. Kh2 Ra1 35. Rb7 Re8 36. Bd5+ Kh8 37. Kg2 Re5 38. Kg3 Ra2 39. f3 Ra1 40. Kf4 Rh1 41. Rxa7 Rxh3 42. Rc7 Rh4+ 43. Kg3 Rd4 44. Rxc5 h5 45. Rc8+ Kg7 46. Rc7+ Kg6 47. Be4+ f5 48. Rc6+ Kf7 49. Kf4 Re6 50. Rxe6 Kxe6 51. Ke3 fxe4 52. Kxd4 h4 0-1

[Event "Saint Louis 1000 IM 1st"]
[Site "Saint Louis"]
[Date "2022.07.19"]
[Round "1"]
[White "Williams, Justus D"]
[Black "Nyzhnyk, Illya"]
[Result "0-1"]
[WhiteElo "2390"]
[BlackElo "2686"]
[PlyCount "68"]
[EventDate "2022.07.19"]
[EventType "tourn"]
[EventRounds "9"]
[EventCountry "USA"]
[EventCategory "3"]
[SourceTitle "CBM 209 Extra"]
[Source "ChessBase"]
[SourceDate "2022.09.30"]
[SourceVersion "1"]
[SourceVersionDate "2022.09.30"]
[SourceQuality "1"]

1. Nf3 d5 2. d4 Nf6 3. c4 e6 4. Nc3 dxc4 5. e3 a6 6. Bxc4 b5 7. Be2 Bb7 8. a4 b4 9. Nb1 c5 10. 0-0 Nbd7 11. Nbd2 Qc7 12. Nc4 Be7 13. h3 0-0 14. Bd2 Rfd8 15. Qb1 Be4 16. Qa2 a5 17. Rfc1 Qb7 18. Qb3 Bd5 19. Qd1 Ne4 20. Be1 cxd4 21. Nxd4 e5 22. Nf5 Ndc5 23. Nxe7+ Qxe7 24. Qc2 b3 25. Qb1 Ng3 26. fxg3 Be4 27. Qxe4 Nxe4 28. Nxa5 Qg5 29. Bf3 Nxg3 30. h4 Qxe3+ 31. Bf2 Ne2+ 32. Kf1 Qxc1+ 33. Rxc1 Nxc1 34. Nc6 e4 0-1